| 000 | 00454nam a2200181Ia 4500 | ||
|---|---|---|---|
| 008 | 230524s9999 xx 000 0 und d | ||
| 020 | _a9788127247126 | ||
| 082 |
_a658.45 _bGUP |
||
| 100 | _aShashi K.Gupta | ||
| 245 | 0 | _aFinancial Management : Theory and Practice | |
| 250 | _a6TH | ||
| 260 |
_aNEW DELHI _bKalyani _c2008 |
||
| 300 | _aXIX;42.1 | ||
| 500 | _aQuantity Number: 65 | ||
| 650 | _aManagement | ||
| 700 | _a R.K.Sharma | ||
| 942 | _cBK | ||
| 999 |
_c40526 _d40526 |
||